| 000 | 02696cam a22002413a 4500 | ||
|---|---|---|---|
| 001 | 6822 | ||
| 003 | PGUSA | ||
| 005 | 20140828083137.0 | ||
| 008 | 041101s2004||||xxu|||||s|||||000 p eng d | ||
| 040 |
_aPGUSA _beng |
||
| 042 | _adc | ||
| 050 | 4 | _aPT | |
| 100 | 1 |
_aLessing, Gotthold Ephraim, _d1729-1781 |
|
| 245 | 1 | 0 |
_aLieder von Lessing _h[electronic resource] / _cGotthold Ephraim Lessing |
| 260 |
_bProject Gutenberg, _c2004 |
||
| 505 | 0 | _aAlexander -- An Amor -- An den Anakreon -- An den Horaz -- An den Wein -- An die J. L*** -- An die Kunstrichter -- An die Leier -- An die Schwalbe -- An eine kleine Schöne -- Antwort eines trunknen Dichters -- Auf sich selbst -- Das Alter -- Das Bild an Hrn. H. -- Das Erdbeben -- Das Leben -- Das Paradies -- Das Schäferleben -- Das Umwechseln -- Das aufgehobene Gebot -- Der Donner -- Der Faule -- Der Fehler -- Der Fehler der Natur an Hr. M. -- Der Flor -- Der Genuß -- Der Geschmack der Alten -- Der Handel -- Der Irrtum -- Der Regen -- Der Schiffbruch -- Der Schlaf -- Der Sommer -- Der Sonderling -- Der Tabak -- Der Tausch an Hr. W. -- Der Tod -- Der Verlust -- Der Vetter und die Muhme -- Der Wunsch -- Der alte und der junge Wein -- Der bescheidene Wunsch -- Der größte Mann -- Der müßige Pöbel -- Der neue Welt-Bau -- Der philosophische Trinker -- Der schwörende Liebhaber -- Der trunkne Dichter lobt den Wein -- Die 47ste Ode Anakreons -- Die Abwechslung -- Die Antwort -- Die Beredsamkeit -- Die Betrübnis -- Die Biene -- Die Diebin -- Die Einwohner des Mondes -- Die Ente -- Die Faulheit -- Die Gespenster -- Die Gewißheit -- Die Haushaltung -- Die Küsse -- Die Küsse -- Die Kunstrichter und der Dichter -- Die Liebe -- Die Musik -- Die Mutter -- Die Namen -- Die Planetenbewohner -- Die Redlichkeit -- Die Schöne von hinten -- Die Sparsamkeit -- Die Stärke des Weins -- Die Türken -- Die Versteinerung -- Die Wetterprophezeiung -- Die drei Reiche der Natur -- Die lügenhafte Phyllis -- Die lehrende Astronomie -- Die schlafende Laura -- Die schlimmste Frau -- Die verschlimmerten Zeiten -- Die wider den Cäsar verschworne Helden -- Eine Gesundheit -- Für wen ich singe -- Heldenlied der Spartaner -- Ich -- Jungfer Lieschens Knie -- Küssen und Trinken -- Lied -- Lied aus dem Spanischen -- Lob der Faulheit -- Nach der 15. Ode Anakreons -- Niklas -- Phillis -- Phyllis an Damon -- Phyllis lobt den Wein -- Refutatio Papatus -- Salomon -- Trinklied -- Wem ich zu gefallen suche, und nicht suche | |
| 506 | _aPublic domain in the USA. | ||
| 516 | _aElectronic text | ||
| 653 | _aGerman poetry -- 18th century | ||
| 830 | 0 |
_aProject Gutenberg _v6822 |
|
| 856 | 4 | 0 | _uhttp://www.gutenberg.org/ebooks/6822 |
| 942 | _cEB | ||
| 999 |
_c236142 _d236142 |
||